000 00840nam a2200253Ia 4500
008 191130s2007##################000#0#eng##
020 _a9780231137942
022 _a2006030652
040 _aACL
_cACL
082 _a420.9 LER
100 _aLerer, Seth
245 _aInventing English : a portable history of the language
_cSeth Lerer
260 _aNew York
_bColumbia University Press
_cc2007
300 _aviii, 305 p. : ill. ; 24 cm
500 _aIncludes bibliographical references (p. 277-287) and index
650 _aEnglish language - Etymology
650 _aEnglish language - History
650 _aEnglish language - Middle English, 1100-1500
650 _aEnglish language - Old English, ca. 450-1100
650 _aLinguistics
990 _a0ccecc57ac10000c423aa51bfda871c2
991 _a393059
999 _c220457
_d220457